00856nam a22002655a 450000100090000000300040000900500170001300800410003001000170007102000180008804000130010604200100011904300120012905000230014108200300016410000220019424501130021626000690032930000300039850400640042852100200049252600160051254100060052856200560053416016826OSt20140310183050.0091211s2009 ph a b f001 0 eng  a 2009516113 a9789715426039 aDLCcDLC alcode aa-ph--- aDS 673b.R621 2009 aFIL 741.59599b.R621 20091 aYu-Rivera, Helen.12aA satire of two nationsbexploring images of the Japanese in Philippine political cartoonscRivera, Helen Yu aDiliman, Quezon CitybUniversity of the Philippines Presscc2009 axvi, 342 p.bill.c23 cm. aIncludes bibliographical references (p. 327-336) and index. aCollege Student c1210L-1700L j1 eFor circulation. 1 copy available in the collection